[Event "Niedersachsen-ch op"]
[Site "Verden"]
[Date "2007.01.05"]
[Round "3"]
[White "Juilfs, Galina"]
[Black "Kyas, Marcel"]
[Result "1/2-1/2"]
[WhiteElo "2045"]
[BlackElo "1958"]
[PlyCount "35"]
[EventDate "2007.01.04"]
[EventType "swiss"]
[EventRounds "7"]
[EventCountry "GER"]
[SourceTitle "EXT 2021"]
[Source "ChessBase"]
[SourceDate "2020.10.23"]
[SourceVersion "1"]
[SourceVersionDate "2020.10.23"]
[SourceQuality "1"]

1. e4 e6 2. d4 d5 3. Nc3 Bb4 4. exd5 exd5 5. Bd3 Ne7 6. Nf3 Bg4 7. a3 Bd6 8. 0-0 Nbc6 9. Nb5 f6 10. b4 0-0 11. c3 a5 12. Nxd6 Qxd6 13. b5 Nd8 14. a4 c6 15. Re1 Re8 16. Ba3 Qd7 17. Qe2 Ne6 18. h3 1/2-1/2

[Event "GER-chT Federal Cup (Women)"]
[Site "Germany"]
[Date "2007.??.??"]
[Round "3"]
[White "Fishkin, Natalie"]
[Black "Juilfs, Galina"]
[Result "1/2-1/2"]
[WhiteElo "1905"]
[BlackElo "2060"]
[PlyCount "45"]
[EventDate "2007.06.??"]
[EventType "team-swiss"]
[EventRounds "5"]
[EventCountry "GER"]
[SourceTitle "EXT 2008"]
[Source "ChessBase"]
[SourceDate "2007.11.25"]
[SourceVersion "1"]
[SourceVersionDate "2007.11.25"]
[SourceQuality "1"]
[WhiteTeam "Schleswig Holstein"]
[BlackTeam "Niedersachsen"]
[WhiteTeamCountry "GER"]
[BlackTeamCountry "GER"]

1. e4 e6 2. d4 d5 3. e5 c5 4. c3 Nc6 5. Nf3 Nge7 6. a3 cxd4 7. cxd4 Nf5 8. b4 Qb6 9. Bb2 Be7 10. Bd3 0-0 11. Bxf5 exf5 12. Nc3 Be6 13. 0-0 Rfc8 14. Qd3 Na5 15. Na4 Qc6 16. Nc5 Nc4 17. Qb3 f6 18. b5 Qe8 19. Na6 Na5 20. Qd3 Nc4 21. Qb3 Na5 22. Qd3 Nc4 23. Qb3 1/2-1/2